Ley Orgánica que modifica la legislación vigente en materia de contrabando y regula los delitos e infracciones administrativas en la materia : Ley Orgánica 7/1982 de 13 de julio Ley Orgánica 7/1982 de 13 de julio
Descripción Física:
10 p. ; 17 cm
Otros Autores:
Col·legi d'Advocats de Barcelona. Comissió de Cultura
MARC
| LEADER | 00000nam a2200000Ia 4500 | ||
|---|---|---|---|
| 001 | 14723 | ||
| 008 | 160829s9999 xx 000 0 cat d | ||
| 080 | |a FU-2-65 | ||
| 100 | |a Espanya. Lleis, etc. |9 23269 | ||
| 245 | |a Ley Orgánica que modifica la legislación vigente en materia de contrabando y regula los delitos e infracciones administrativas en la materia : |b Ley Orgánica 7/1982 de 13 de julio | ||
| 260 | |a Barcelona : |b Il·lustre Col·legi d'Advocats de Barcelona, Comissió de Cultura, DL 1982 | ||
| 300 | |a 10 p. ; |c 17 cm | ||
| 590 | |a A la coberta: núm. 10 | ||
| 650 | |a Contraban |x Dret i legislació |x Espanya |9 27164 | ||
| 700 | |a Col·legi d'Advocats de Barcelona. Comissió de Cultura |9 24331 | ||
| 901 | |a Arxiu | ||
| 942 | |n 1 | ||
| 952 | |0 0 |1 0 |4 0 |6 FU265 |7 1 |9 44295 |a Arxiu |b Arxiu |d 2016-12-01 |l 0 |o FU-2-65 |p 14723 |r 2016-12-01 00:00:00 |w 2016-12-01 |y ARXIU | ||
| 999 | |c 46875 |d 46875 | ||